Every Rod in Fisch (2nd Sea) - Statistics

General Stats
  • This quiz has been taken 33 times
    23 since last reset
  • The average score is 61 of 82
Answer Stats
Hint Answer % Correct
Moosewood, 4,500$ Fast Rod
100%
Moosewood, 0$ Flimsy Rod
100%
Moosewood, 2,000$ Carbon Rod
93%
Challenger's Deep, 2,500,000$ Challengers Rod
93%
Atlantis, 80,000$ Champions Rod
93%
The Arch, 70% Bestiary Completion, 190,000$ Destiny Rod
93%
Northern Expedition, Crystal Puzzle, 1,750,000$ Heaven's Rod
93%
Moosewood, 5,250$ Lucky Rod
93%
Level 500 No-Life Rod
93%
Moosewood, 900$ Plastic Rod
93%
The Depths, Hexed Relic, Abyssal Relic, 750,000 Rod of the Depths
93%
Roslit Bay, 7,000$ Steady Rod
93%
Sunken Chests Sunken Rod
93%
Moosewood, 300$ Training Rod
93%
Desolate Deep, 5 Relics, 150,000$ Trident Rod
93%
Volcanic Vents, 300,000$ Volcanic Rod
93%
Vertigo, Aurora Borealis, 90,000$ Aurora Rod
86%
Northern Expedition, 35,000$ Avalanche Rod
86%
Northern Expedition, Diamond Puzzle, 35,000% Crystallized Rod
86%
Atlantis, 40,000$ Depthseeker Rod
86%
Calm Zone, Veil of the Forsaken Bestiary, 15,000,000$ Ethereal Prism Rod
86%
Mushgroove Swamp, Agaric's Quest Fungal Rod
86%
Keeper's Altar, 120,000$ Kings Rod
86%
Atlantis, 1,333,333$ Kraken Rod
86%
Moosewood, 4,500$ Long Rod
86%
Roslit Bay, Orc Quest Magma Rod
86%
Terrapin Island, 15,000$ Magnet Rod
86%
Traveling Merchant, 55,000$ Midas Rod
86%
Traveling Merchant, 110,000$ Mythical Rod
86%
Abyssal Zenith Pool, 10,000,000$ Rod of the Zenith
86%
Level 1000 Seraphic Rod
86%
Northern Expedition, 300,000$ Summit Rod
86%
Atlantis, 1,850,000$ Tempest Rod
86%
Atlantis, 1,750,000$ Zeus Rod
86%
Atlantis, 1,000,000$ Abyssal Specter Rod
79%
Northern Expedition, 25,000$ Arctic Rod
79%
Sunken Treasure Auric Rod
79%
Harvester's Spike, 13,337$ Brick Rod
79%
Roslit Bay, 12,750$ Fortune Rod
79%
12,000 E$ Frog Rod
79%
500,000 E$ Great Dreamer Rod
79%
Veil of the Forsaken, 1,000,000$ Leviathan's Fang Rod
79%
Atlantis, 1,555,555$ Poseidon Rod
79%
Roslit Bay, 14,000$ Rapid Rod
79%
Desolate Deep, 20,000$ Reinforced Rod
79%
Forsaken Shores, 50,000$ Scurvy Rod
79%
Crafting, 50,000$ Wisdom Rod
79%
100,000 E$ Azure of Lagoon
71%
70,000 E$ Blazebringer Rod
71%
Santa's Workshop, 1,500$ Candy Cane Rod
71%
9,500 E$ Firefly Rod
71%
200,000 E$ Free Spirit Rod
71%
Northern Expedition, Level Puzzle, 65,000$ Ice Warpers Rod
71%
Vertigo, 11,000$ Nocturnal Rod
71%
Ancient Isle, 40,000$ Phoenix Rod
71%
Crafting, 7,500$ Precision Rod
71%
Dr. Finneus' Quest, 8,000$ Relic Rod
71%
Ancient Isle, 3,000$ Stone Rod
71%
Crafting, 30,000$ Voyager Rod
71%
7,500 E$ Wildflower Rod
71%
Use code ThankYouFollowers2 Astral Rod
64%
Invite a Friend Buddy Bond Rod
64%
Dr. Glimmerfin's Quest Firework Rod
64%
Crafting, 100,000$ Celestial Rod
57%
Witch's Quest Haunted Rod
57%
Crafting, 15,000$ Resourceful Rod
57%
Crafting, 40,000$ Riptide Rod
57%
Crafting, 300,000$ Rod of Forgotten Fang
57%
AFK Farm Rod of Time
57%
Crafting, 50,000$ The Lost Rod
57%
100,000 E$ Verdant Shear Rod
57%
Advent Calendar North-Star Rod
50%
Crafting, 250,000$ Rod of Eternal King
50%
Crafting, 35,000 Seasons Rod
50%
Clover McRich's Quest Shamrock Rod
50%
Advent Calendar Antler Rod
43%
99 Robux Fischer's Rod
43%
Crafting, 30,000$ Krampus's Rod
36%
Use code ThankYouFollowers3 Event Horizon Rod
29%
799 Robux Frost Warden Rod
29%
799 Robux Fischmas Rod
14%
799 Robux Frostfire Rod
14%
No matching quizzes found
Score Distribution
Percent of People with Each Score
Percentile by Number Answered
Your Score History
You have not taken this quiz since the last reset